000 00407nam a22001457a 4500
082 _a666.893
_bMUG
_cL-19, P-74.
100 _aMughal Muhammad Ilyas
_944901
245 _aConcrete Technology
_cDr. Muhammad Ilyas Mughal
250 _a1st ed,
260 _aLahore :
_bAziz
_c1986.
300 _a136 p. :
_bill,
_c18 cm.
526 _a0
_b0
_c0
_d666_893000000000000_MUG
650 _aMCE
_9379
942 _2ddc
_cBK
999 _c548552
_d548552